<?xml version="1.0" encoding="UTF-8"?>
<record
    xmlns:xsi="http://www.w3.org/2001/XMLSchema-instance"
    xsi:schemaLocation="http://www.loc.gov/MARC21/slim http://www.loc.gov/standards/marcxml/schema/MARC21slim.xsd"
    xmlns="http://www.loc.gov/MARC21/slim">

  <leader>02605nam a2200361 a 4500</leader>
  <controlfield tag="001">BRCA_5143</controlfield>
  <controlfield tag="005">20190320204946.0</controlfield>
  <controlfield tag="008">221110m18331848mx-######v---#000-0#spa-#</controlfield>
  <datafield tag="041" ind1=" " ind2=" ">
    <subfield code="a">spa</subfield>
  </datafield>
  <datafield tag="044" ind1=" " ind2=" ">
    <subfield code="a">mx</subfield>
  </datafield>
  <datafield tag="084" ind1=" " ind2=" ">
    <subfield code="a">DOC134</subfield>
    <subfield code="b">.M67</subfield>
    <subfield code="c">1833</subfield>
  </datafield>
  <datafield tag="100" ind1="1" ind2=" ">
    <subfield code="a">Morales, Juan</subfield>
    <subfield code="9">13140</subfield>
  </datafield>
  <datafield tag="245" ind1="1" ind2="0">
    <subfield code="a">Documento propiedad de Don Juan Morales</subfield>
    <subfield code="c">Juan Morales ... [et. al.].</subfield>
  </datafield>
  <datafield tag="260" ind1=" " ind2=" ">
    <subfield code="a">M&#xE9;xico</subfield>
    <subfield code="c">1833-1848</subfield>
  </datafield>
  <datafield tag="300" ind1=" " ind2=" ">
    <subfield code="a">[5] fojas</subfield>
    <subfield code="c">31 x 22 cm.</subfield>
  </datafield>
  <datafield tag="500" ind1=" " ind2=" ">
    <subfield code="a">Documento que contiene varios asuntos firmados  y fechados entre 1833-1848.</subfield>
  </datafield>
  <datafield tag="500" ind1=" " ind2=" ">
    <subfield code="a">Legajo 1: Testimonio que acredita al espa&#xF1;ol Juan Morales estar casado con una mexicana  a fin de evitar el efecto de las leyes del 16 de enero de 1833 y 20 de marzo de 1829. Firmado en el Palacio de Gobierno Federal de M&#xE9;xico, el 30 de marzo de 1833 por el Secretario de Relaciones [Bernardo Gonz&#xE1;lez Angulo]. -- Legajo 2: Fe de bautizo de Felipa Josefa Manuela Jurado. Firmado el 22 de agosto de 1848 por el cura Francisco Mart&#xED;nez. -- Legajo 3: Don Juan Morales apela a las autoridades respectivas reclamando la herencia de la que le despojo su hija Felipa Jurado. Habla de unas pruebas adjuntas, pero pide que se mantenga en secreto. Firmado el 9 de septiembre de 1846 por el Lic. Francisco Rojas. -- Legajo 4: Certificado de matrimonio religioso de Juan Morales  y Do&#xF1;a Maria Dolores Camacho. Firma el Dr. Nicol&#xE1;s Arag&#xF3;n.</subfield>
  </datafield>
  <datafield tag="500" ind1=" " ind2=" ">
    <subfield code="a">El primer legajo contiene al margen el escudo nacional mexicano con la inscripci&#xF3;n: &#xB4;REP&#xDA;LICA FEDERAL MEXICANA&#xB4;. -- El segundo legajo contiene al margen escudo nacional con la inscripci&#xF3;n que dice: &#xB4;SELLO QUINTO. MEDIO REAL&#xB4;. -- El tercer legajo contiene al margen sello con escudo nacional e inscripci&#xF3;n: &#xB4;SELLO QUINTO. MEDIO REAL&#xB4;. -- El cuarto legajo contiene al margen sello con escudo nacional e inscripci&#xF3;n que dice: &#xB4;SELLO QUARTO. UN REAL&#xB4;.</subfield>
  </datafield>
  <datafield tag="500" ind1=" " ind2=" ">
    <subfield code="a">El documento contiene la leyenda DOC. #302.</subfield>
  </datafield>
  <datafield tag="500" ind1=" " ind2=" ">
    <subfield code="a">Papel con marca de agua.</subfield>
  </datafield>
  <datafield tag="500" ind1=" " ind2=" ">
    <subfield code="a">Estado de conservaci&#xF3;n: contiene manchas de acidez.</subfield>
  </datafield>
  <datafield tag="506" ind1="0" ind2=" ">
    <subfield code="a">Fondo Reservado. Para su consulta es necesario credencial de usuario y carta de motivos.</subfield>
  </datafield>
  <datafield tag="546" ind1=" " ind2=" ">
    <subfield code="a">Texto en: espa&#xF1;ol de principios del siglo XIX.</subfield>
  </datafield>
  <datafield tag="600" ind1="1" ind2="4">
    <subfield code="a">Morales, Juan</subfield>
    <subfield code="x">Historia</subfield>
    <subfield code="9">13141</subfield>
  </datafield>
  <datafield tag="650" ind1="1" ind2="4">
    <subfield code="a">Documentos legales</subfield>
    <subfield code="v">Manuscritos</subfield>
    <subfield code="x">Historia</subfield>
    <subfield code="9">12814</subfield>
  </datafield>
  <datafield tag="651" ind1=" " ind2="4">
    <subfield code="a">M&#xE9;xico</subfield>
    <subfield code="x">Historia</subfield>
    <subfield code="y">Federalismo y centralismo, 1824-1853</subfield>
    <subfield code="9">12576</subfield>
  </datafield>
  <datafield tag="700" ind1="1" ind2=" ">
    <subfield code="a">Gonz&#xE1;lez Angulo, Bernardo</subfield>
    <subfield code="d">1780-1824</subfield>
    <subfield code="9">13142</subfield>
  </datafield>
  <datafield tag="700" ind1="1" ind2=" ">
    <subfield code="a">Mart&#xED;nez, Francisco</subfield>
    <subfield code="9">13143</subfield>
  </datafield>
  <datafield tag="700" ind1="1" ind2=" ">
    <subfield code="a">Rojas, Francisco</subfield>
    <subfield code="9">13144</subfield>
  </datafield>
  <datafield tag="700" ind1="1" ind2=" ">
    <subfield code="a">Arag&#xF3;n, Nicol&#xE1;s</subfield>
    <subfield code="9">13145</subfield>
  </datafield>
  <datafield tag="902" ind1=" " ind2=" ">
    <subfield code="a">FDH</subfield>
  </datafield>
  <datafield tag="942" ind1=" " ind2=" ">
    <subfield code="2">lcc</subfield>
    <subfield code="c">D</subfield>
  </datafield>
  <datafield tag="999" ind1=" " ind2=" ">
    <subfield code="c">4837</subfield>
    <subfield code="d">4837</subfield>
  </datafield>
  <datafield tag="952" ind1=" " ind2=" ">
    <subfield code="0">0</subfield>
    <subfield code="1">0</subfield>
    <subfield code="4">0</subfield>
    <subfield code="7">0</subfield>
    <subfield code="a">BRCA</subfield>
    <subfield code="b">BRCA</subfield>
    <subfield code="d">2010-11-22</subfield>
    <subfield code="l">0</subfield>
    <subfield code="o">DOC134 .M67 1833</subfield>
    <subfield code="p">5487</subfield>
    <subfield code="r">2019-03-22 00:00:00</subfield>
    <subfield code="w">2019-03-22</subfield>
    <subfield code="y">D</subfield>
  </datafield>
</record>
